000 00399nam a2200157Ia 4500
008 100415s9999 xx 000 0 und d
082 _b22084
_a613
100 _aJamison, Dean T.
245 _aPriorities in Health
260 _aWASHINGTON D.C
_c2006
_bWORLD BANK
365 _b0
530 _bComplimentary
630 _aPriorities in Health
730 _aPriorities in Health
942 _cBOOK
999 _c604966
_d604963